00863nam a2200265 a 450000100060000000300080000600500170001400800410003102000210007203500190009304000350011204100080014708200270015510000330018224500780021526000660029330000330035949000450039250400480043765000140048565000160049965000210051571000160053683000450055257824BD-RjUL20211209080545.0161212s1979 mdua bs 000 1 eng d a0801821401 (pbk) a(BD-RjUL)57948 aBD-RjULbengcBD-RjULdBD-RjUL aeng a304.632 223bCOF 19791 aCochrane, Susan Hill,d1943-10aFertility and education :bwhat do we really know? /cSusan Hill Cochrane aBaltimore ;aLondon :bJohns Hopkins University Press,cc1979 axii, 175 p. :bill. ;c23 cm1 aWorld Bank staff occasional papers ;v26 aIncludes bibliography (p.153-172) and index 0aEducation 0aFamily size 0aFertility, Human2 aWorld Bank. 0aWorld Bank staff occasional papers ;v26